LEADER 01019nam0-2200301---450- 001 990009788100403321 005 20131111133112.0 035 $a000978810 035 $aFED01000978810 035 $a(Aleph)000978810FED01 035 $a000978810 100 $a20131111d1965----km-y0itay50------ba 101 0 $aita 102 $aIT 105 $aa-------001yy 200 1 $a<>escursione della Società italiana di Scienze naturali al Garda (16 maggio 1965)$e... esame dell'anfiteatro morenico del garda$fG. Nangeroni 210 $aMilano$cs. n.$d1965 215 $ap. 143-154$cill.$d24 cm 300 $aEstr. da: Natura, rivista di Scienze naturali, v. 56, fasc. 3 610 0 $aGarda 700 1$aNangeroni,$bGiuseppe$f<1892-1987>$034020 801 0$aIT$bUNINA$gRICA$2UNIMARC 901 $aBK 912 $a990009788100403321 952 $aDono Fondi N-014$bIst. s.i.$fILFGE 959 $aILFGE 996 $aEscursione della Società italiana di Scienze naturali al Garda (16 maggio 1965$9833480 997 $aUNINA LEADER 01093nam--2200373---450- 001 990003386450203316 005 20100413105025.0 010 $a978-88-240-1423-6 035 $a000338645 035 $aUSA01000338645 035 $a(ALEPH)000338645USA01 035 $a000338645 100 $a20100413d2009----km-y0itay50------ba 101 $aita 102 $aIT 105 $a||||||||001yy 200 1 $aVia Cassia I, Via Cimina$fDaniela Cavallo 210 $aRoma$cIstituto Poligrafico e Zecca dello Stato, Libreria dello Stato$d2009 215 $a183 p.$d24 cm 225 2 $aAntiche strade$iLazio 410 0$12001$aAntiche strade$iLazio 454 0$12001 606 0 $aStrade romane$2BNCF 676 $a914.562 700 1$aCAVALLO,$bDaniela$0573696 801 0$aIT$bsalbc$gISBD 912 $a990003386450203316 951 $aXI.5.B. 461$b221360 L.M.$cXI.5.B.$d00257339 959 $aBK 969 $aUMA 979 $aALESSANDRA$b90$c20100413$lUSA01$h1048 979 $aALESSANDRA$b90$c20100413$lUSA01$h1050 996 $aVia Cassia I, Via Cimina$91127267 997 $aUNISA